书目信息 |
| 题名: |
老爷车总动员
|
|
| 作者: | 林平 编著 | |
| 分册: | ||
| 出版信息: | 北京 电子工业出版社 2015.4 |
|
| 页数: | 338页 | |
| 开本: | 27cm | |
| 丛书名: | 汽车总动员系列丛书 | |
| 单 册: | ||
| 中图分类: | U469.11 | |
| 科图分类: | ||
| 主题词: | 轿车--介绍--世界 | |
| 电子资源: | ||
| ISBN: | 978-7-121-25455-0 | |
| 000 | 00675nam 2200241 450 | |
| 001 | 0400004923 | |
| 005 | 20171025141654.0 | |
| 010 | @a978-7-121-25455-0@b精装@dCNY128.00 | |
| 100 | @a20150712d2015 em y0chiy50 ea | |
| 101 | 0 | @achi |
| 102 | @aCN@b110000 | |
| 105 | @aa z 000yy | |
| 106 | @ar | |
| 200 | 1 | @a老爷车总动员@9lao ye che zong dong yuan@f林平编著 |
| 210 | @a北京@c电子工业出版社@d2015.4 | |
| 215 | @a338页@c图@d27cm | |
| 225 | 2 | @a汽车总动员系列丛书 |
| 461 | 0 | @12001 @a汽车总动员系列丛书 |
| 606 | 0 | @a轿车@x介绍@y世界 |
| 690 | @aU469.11@v5 | |
| 701 | 0 | @a林平@9lin ping@4编著 |
| 801 | 0 | @aCN@b91MARC@c20171025 |
| 905 | @b1039917-20@dU469.11@f4@e662 | |
| 老爷车总动员/林平编著.-北京:电子工业出版社,2015.4 |
| 338页:图;27cm.-(汽车总动员系列丛书) |
| ISBN 978-7-121-25455-0(精装):CNY128.00 |
| ● |
| 相关链接 |
|
|
|
|
正题名:老爷车总动员
索取号:U469.11/662
 
预约/预借
| 序号 | 登录号 | 条形码 | 馆藏地/架位号 | 状态 | 备注 |
| 1 | 1039917 | 210399175 | 第二样本阅览室/ [索取号:U469.11/662] | 在馆 | |
| 2 | 1039918 | 210399184 | 密集书库-物理学院/ [索取号:U469.11/662] | 在馆 | |
| 3 | 1039919 | 210399193 | 第三借阅区/ [索取号:U469.11/662] | 在馆 | |
| 4 | 1039920 | 210399200 | 第三借阅区/ [索取号:U469.11/662] | 在馆 |